000 00493nam a22001577a 4500
003 OSt
005 20260623073044.0
008 260623b |||||||| |||| 00| 0 eng d
024 _aMEP/6003/2021
040 _cRongo University
050 _aBF 637.S8
_bO35
100 _aOdindo Zainabu
245 _aInfluence of smartphone use on the psychological well-being of University students: A case of Rongo University, Kenya
260 _aRongo, Kenya
_bRongo University
_c2025
942 _2lcc
_cTH
999 _c266403
_d266402